| 000 | 00450nam a22001697a 4500 | ||
|---|---|---|---|
| 005 | 20230111133736.0 | ||
| 008 | 221219b |||||||| |||| 00| 0 eng d | ||
| 020 | _a978-93532-8183-0 | ||
| 041 | _aeng | ||
| 082 | _a344.540 GUP-I | ||
| 100 |
_aGUPTA , PARUL _97390 |
||
| 245 | _aINDUSTRIAL RELATIONS AND LABOUR LAWS FOR MANAGERS | ||
| 260 |
_aNEW DELHI _bSAGE PUBLISHERS _c2019 |
||
| 300 | _a478;P. | ||
| 650 |
_aMANAGEMENT _9241 |
||
| 942 | _cBK | ||
| 999 |
_c8111 _d8109 |
||